000 00698cab a2200217 4500
001 WB2921-15
008 090401t1993 xxu||||| |||| 00| 0 eng d
035 _a(Sirsi) u42744
041 _aeng
245 _aStatues ruined by ignorant care
260 _c1993
350 _a0
490 _aIndependent
_v3 June 1993, 8(1)
520 _aConservators at the Museums and Galleries Commission have drawn attention to the damage caused to statues by inappropriate cleaning techniques and poor site management on conservation projects.
650 _aARCHITECTURAL CONSERVATION
650 _aSTATUARY
650 _aSTONE CLEANING
690 _aCONSERVATION
942 _n0
948 _c04/03/1997
999 _c27349
_d27349